Statystyki dla Quiz o Libanie

Kliknij tutaj aby rozwiązać quiz!

Ogólne statystyki

  • Ten quiz został rozwiązany 101 razy
  • Średni wynik to 9 z 17

Statystyki odpowiedzi

WskazówkaOdpowiedź% Poprawnych
StolicaBejrut
94%
Graniczące państwaIzrael
92%
Język urzędowyArabski
90%
Graniczące państwaSyria
87%
Kraj w Europie, który miał "mandat" do rządzenia Libanem w latach 1923−1946Francja
70%
Gatunek drzewa umieszczony na fladzeCedr
56%
Starożytna cywilizacja wywodząca się z Libanu, która utworzyła
kolonie poprzez Morze Czarne
Fenicjanie
54%
Region zaczynający sie na L, którego Liban jest częściąLewant
45%
Drugie miasto pod względem wielkości (podpowiedź: jest to również
nazwa pewnej stolicy afrykańskiego państwa)
Trypolis
40%
Dawne określenie tego miasta{Paryż} Środkowego Wschodu
38%
WalutaFunt
36%
Prawniczka z Libanu, żona George'a Clooney'a{Amal} Clooney
34%
Szyicka partia polityczna uważania przez Unię Europejską
za organizację terrorystyczną
Hezbollah
33%
Znaczące miasto powyższej cywilizacji, które Aleksander Wielki zdobył
oraz zmienił z wyspy w półwysep
Tyr
32%
Biblijne imię boga tego miasta, które czcili niektórzy IzraeliciBaal
31%
Lokalni wyznawcy religii zawierającej elementy Islamu, Chrześcijaństwa,
Hinduizmu i greckiej filozofii (podpowiedź: zaczynają się na D)
Druzowie
25%
Największe chrześcijańskie wyznanie w LibanieKościół {maronicki}
25%

Rozkład punktacji

Percentyl według liczby udzielonych odpowiedzi

Procent ludzi z każdym wynikiem

Twoja historia wyników

Nie rozwiązałeś tego quizu